000 00746nam a2200265Ia 4500
005 20260302115806.0
008 008 260114s9999 xx 000 0 eng d
020 _a9781509947522
037 _aTextbook
040 _aCRL
040 _beng
040 _cCRL
041 _2eng
041 _aeng
084 _qCRL
100 _aKevin Fredy Hinterberger
_91122678
245 0 _aRegularisations of Irregularly Staying Migrants in the EU A Comparative Legal Analysis of Austria, Germany and Spain
260 _bBloomsbury
260 _bNomos/Hart
260 _c2023
650 _aLaw
856 _uhttps://doi.org/10.5040/9781509947522?locatt=label:secondary_bloomsburyCollections
942 _cEBOOK
999 _c1687479
_d1687479